000 00213nam a22000857a 4500
008 170119b xxu||||| |||| 00| 0 eng d
100 _92504
_aNCERT
245 _aEnvironmental Education-2
260 _aNew Delhi
_bAPC
_c2010
999 _c5574
_d5574